A first course in differential equations, modeling, and simulation
Saved in:
| Main Author: | |
|---|---|
| Other Authors: | |
| Format: | Book |
| Language: | English |
| Published: |
London :
CRC Press,
2011
|
| Subjects: | |
| Tags: |
Add Tag
No Tags, Be the first to tag this record!
|
MARC
| LEADER | 00000nam a2200000 i 4500 | ||
|---|---|---|---|
| 001 | 1/29781 | ||
| 008 | 130521s2011 eng d | ||
| 020 | |a 978-1-4398-5087-9 | ||
| 035 | |l 10114442 | ||
| 040 | |a GR-MY-UA |b gre |e aacr | ||
| 041 | 0 | |a eng | |
| 082 | 0 | |a 515.35 |2 (22) | |
| 100 | 1 | |a Smith, Carlos A. | |
| 245 | 1 | 2 | |a A first course in differential equations, modeling, and simulation / |c Carlos A. Smith, Scott W. Campbell |
| 260 | |a London : |b CRC Press, |c 2011 | ||
| 300 | |a 332 σ.; |b εικ., πίν.; |c 24 εκ. | ||
| 504 | |a Περιλαμβάνει ευρετήριο | ||
| 650 | 0 | 0 | |a Differential equations. |
| 650 | 0 | 0 | |a Experimental design. |
| 700 | 1 | |a Campbell, Scott W. | |
| 852 | |a INST |b CHIOS |e 20130521 |h 515.35 SMI |p 005200035313 |q 005200035313 |t BK |y 0 | ||
| 901 | |a BIBL2-2013-2 | ||
| 909 | |a Χ |b 177314 | ||
| 922 | |a 2ΕΛΗ |b 201210 |c ΤΑΚ/ΤΜΟΔ |d ΙΩΑΝΝΙΔΟΥ | ||
| 970 | |a ΠΟΥΛΑΚΗ |b ΣΤΕΛΛΑ |z 2013/05/21 | ||